000 00896namaa2200217 i 4500
001 174192
003 ES-MaACL
005 20230906215447.0
008 100302s1927 sp | |||| ||spa d
080 _a582.26(460)
100 1 _aGonzález Guerrero, Pedro.
_9142290
245 1 0 _aContribución al estudio de las algas y esquizofitas de España /
_cpor Pedro González Guerrero.
260 _aMadrid :
_bJunta para Ampliación de Estudios e Investigaciones Científicas,
_c1927.
300 _a52 p. :
_bil. ;
_c23 cm.
490 1 _aTrabajos del Museo Nacional de Ciencias Naturales. Serie botánica ;
_v22
650 4 _aAlgas-
_zEspaña.
_9142291
710 2 _aJunta para la Ampliación de Estudios e Investigaciones Científicas.
_95413
830 0 _aTrabajos del Museo Nacional de Ciencias Naturales. Serie botánica ;
_v22
_9189324
852 _aES-MaACL
_jB-13139(3)
999 _c174192
_d174192